01673nam a2200229 a 4500008004100000020001500041041000800056092001600064100002400080245003500104250004000139260003800179300001100217500007800228505058200306590006500888655002100953942001300974999001500987952021801002952022301220190917e2001 sp |||g |||| 001 0 spa d a8401422825 aspa c808l8sBRA1 aBradbury, Ray93937 aFahrenheit 451 /cRay Bradbury a1a ed.bTraducción Alfredo Crespo aBarcelona:bPlaza & Janes;c2001. a174 p. aBradbury, R. (2001). Fahrenheit 451. (1a ed.). Barcelona : Plaza & Janes. aFarenheit 451 ofrece la historia de un sombrío y horroroso futuro. Montag, el protagonista, pertenece a una extraña brigada de bomberos cuya misión, paradójicamente, no es la de sofocar incendios sino la de provocarlos, para quemar libros. Porque en el país de Montag está terminantemente prohibido leer. Porque leer obliga a pensar y en el país de Montag está prohibido pensar. Porque leer impide ser ingenuamente feliz, y en el país de Montag hay que ser feliz a la fuerza... la novela más célebre de Ray Bradbury, maestro de la ficción científica.  aProyecto 4to libro, Donación Navarro Adriana, febrero 2019 aLiteratura92917 2ddccLIT c2867d2867 00102ddc4070aBFMbBFMcCRd2019-03-01eDonación Adriana Navarro, febrero 2019l2o808 8 BRAp4388r2024-04-03s2024-03-08tEj. 1w2019-03-01yLITzProyecto 4to libro. Donación Adriana Navarro, febrero 2019 00102ddc4070aBFMbBFMcCRd2025-05-21eDonación Mayo 2025. Hernández, Lucas Joaquín.l0o808 8 BRAp5038r2025-05-21tEj. 2w2025-05-21yLITzDonación Mayo 2025. Hernández, Lucas Joaquín. Sede Tordos.f